[Event "Chamalieres op"]
[Site "Chamalieres"]
[Date "2009.10.24"]
[Round "1"]
[White "Champier, Claude"]
[Black "Serafimov, Tervel"]
[Result "0-1"]
[WhiteElo "1820"]
[BlackElo "2410"]
[PlyCount "72"]
[EventDate "2009.10.24"]
[EventType "swiss"]
[EventRounds "9"]
[EventCountry "FRA"]
[SourceTitle "EXT 2010"]
[Source "ChessBase"]
[SourceDate "2010.11.25"]
[SourceVersion "1"]
[SourceVersionDate "2010.11.25"]
[SourceQuality "1"]

1. e4 g6 2. Nf3 Bg7 3. g3 e5 4. d3 Ne7 5. Bg2 Nbc6 6. 0-0 0-0 7. Nbd2 h6 8. Nc4 b5 9. Ne3 Rb8 10. Re1 d6 11. Bd2 f5 12. exf5 gxf5 13. c3 Be6 14. Qc2 Qd7 15. Red1 f4 16. Nf1 Bg4 17. h3 Bxh3 18. N1h2 fxg3 19. fxg3 Be6 20. Be3 Rf7 21. Rf1 Nd5 22. Qd2 Nxe3 23. Qxe3 b4 24. Nd2 bxc3 25. bxc3 d5 26. Nb3 Bf8 27. Rxf7 Qxf7 28. Nf3 Qg6 29. Nh4 Qg5 30. Qxg5+ hxg5 31. Nf3 Be7 32. Nxe5 Nxe5 33. Re1 Kf7 34. Rxe5 Bf6 35. Re2 Bxc3 36. Nc5 Bd4+ 0-1